00737nas a2200229 4500001001000000003000900010005001700019007000300036008003400039040005400073041000900127072001300136100002000149100002100169245009800190650001300288650001100301650002000312650001500332650003500347773012500382BR0504412BR-BrBNA20231205105628.0ta230509b bl.|||p| |||| 00| 00por d aBR-BrBNAbporcBiblioteca Nacional de Agricultura a(Pt) aQ04; Q021 aRodrigues, V.C.1 aAndrade, I.F. de1 aCaracterísticas físico-químicas da carne de bubalinos e de bovinos castrados e inteiros aBÚFALO aBOVINO aVALOR NUTRITIVO aCOCÇÃO aPROPRIEDADE FÍSICO-QUÍMICA0 tRevista Brasileira de Zootecnia (Brazil)xISSN 1516-3598g(Nov-Dec 2004), v. 33(6)(Suplemento 1) p. 1939-1849wBR0504412